Logos des principaux partis politiques français. - Statistiques

Statistiques générales
  • Ce quiz a été pris 2 459 fois
  • Le résultat moyen est 6 sur 8
Statistiques - réponses
Par images Réponse % Correct
Rassemblement National
97%
Les Républicains
95%
Europe Écologie Les Verts
93%
La France Insoumise
88%
Parti Socialiste
87%
Parti Communiste Français
69%
Mouvement Démocrate
50%
Union des démocrates et indépendants
45%
Aucun quiz correspondant
Distribution des résultats
% des personnes avec chaque résultat
Percentile par nombre de réponses
Votre historique - résultats
Vous n’avez pas pris ce quiz